The facilities manager as the intelligent client (Record no. 72964)
[ view plain ]
| 000 -LEADER | |
|---|---|
| fixed length control field | 00775cam a2200181 4500 |
| 001 - CONTROL NUMBER | |
| control field | ABS66811 |
| 008 - FIXED-LENGTH DATA ELEMENTS--GENERAL INFORMATION | |
| fixed length control field | 030701n2003 000 0 eng u |
| 035 ## - SYSTEM CONTROL NUMBER | |
| System control number | (Sirsi) u122837 |
| 100 ## - MAIN ENTRY--PERSONAL NAME | |
| Personal name | Booty, F. |
| 245 #4 - TITLE STATEMENT | |
| Title | The facilities manager as the intelligent client |
| 260 ## - PUBLICATION, DISTRIBUTION, ETC. | |
| Date of publication, distribution, etc. | 2003 |
| 490 ## - SERIES STATEMENT | |
| Series statement | RICS Facilities Management Faculty Feature |
| Volume/sequential designation | 30 June 2003(3) |
| 520 ## - SUMMARY, ETC. | |
| Summary, etc. | Describes how the role of the facilities manager continues to change as the profession develops and outsourcing becomes more prevalent. Argues that facilities managers need to become more professional and business orientated, developing a performance that reflects organisational needs. |
| 590 ## - LOCAL NOTE (RLIN) | |
| Local note | ABS |
| 650 ## - SUBJECT ADDED ENTRY--TOPICAL TERM | |
| Topical term or geographic name entry element | FACILITIES MANAGERS |
| 690 ## - LOCAL SUBJECT ADDED ENTRY--TOPICAL TERM (OCLC, RLIN) | |
| Topical term or geographic name as entry element | MANAGEMENT-FACILITIES MANAGEMENT |
| 942 ## - ADDED ENTRY ELEMENTS (KOHA) | |
| Suppress in OPAC | 0 |
| Withdrawn status | Lost status | Source of classification or shelving scheme | Damaged status | Not for loan | Home library | Current library | Shelving location | Date acquired | Total Checkouts | Full call number | Barcode | Date last seen | Copy number | Price effective from | Koha item type |
|---|---|---|---|---|---|---|---|---|---|---|---|---|---|---|---|
| Dewey Decimal Classification | London | London | Journal article | 01/07/2003 | ABS66811 | 122837-1001 | 06/08/2019 | 1 | 06/08/2019 | Journal article | |||||
| Dewey Decimal Classification | Virtual | Virtual | Online | 01/07/2003 | ONLINE PUBLICATION | 122837-2001 | 06/08/2019 | 1 | 06/08/2019 | Journal article |